Covenant Characters Fallout 4 - Statistics

General Stats
  • This quiz has been taken 18 times
  • The average score is 5 of 11
Answer Stats
Hint Answer % Correct
Robot that sells lemonade Deezer
86%
Merchant wife of #1 Penny Fitzgerald
86%
Mayor of the town Jacob Orden
64%
Caravan Master that often glitches Honest Dan
50%
Guard at the entrance of the town Swanson
50%
He has a wife and wears a lether jacket Brian Fitzgerald
43%
Compound guard of the Caravan Master Manny
36%
Doctor of the town Patricia Montgomery
36%
She is the craftsman Talia McGovern
36%
Farmer of the town Ted Huntley
36%
Scientist at the compound Tach Blythe
0%
No matching quizzes found
Score Distribution
Percent of People with Each Score
Percentile by Number Answered
Your Score History
You have not taken this quiz